Shapes of Countries With Over 100 Million People - Statistics

General Stats
  • This quiz has been taken 23 times
    20 since last reset
  • The average score is 15 of 15
Answer Stats
Picture Answer % Correct
Brazil
100%
Egypt
100%
Ethiopia
100%
India
100%
Indonesia
100%
Japan
100%
Mexico
100%
Nigeria
100%
Philippines
100%
Russia
100%
United States
100%
Bangladesh
94%
China
94%
Pakistan
94%
D.R Congo
88%
No matching quizzes found
Score Distribution
Percent of People with Each Score
Percentile by Number Answered
Your Score History
You have not taken this quiz since the last reset